000 00623nam a2200181Ia 4500
005 20250508160834.0
008 008 250505s9999 xx 000 0 eng d
037 _aTextual
040 _aFEDL
_beng
_cFEDL
041 _aeng
_2eng
084 _a379.111, UNE
_qFEDL
245 0 _aEducational cost analysis in action: Case studies for planners-3
245 0 _cUnesco: International Institute for Educational Planning (Paris France)
260 _aParis, France
_bUNESCO: International Institute for Education Planning
_c1972
300 _a347p
942 _cTEXL
_h379.111, UNE
999 _c1366901
_d1366901